Statistiques concernant Pays qui ont perdu le plus de vie pendant la seconde guerre mondiale

Cliquez ici pour prendre le quiz!

Statistiques générales

  • Ce quiz a été pris 188 fois
  • Le résultat moyen est 9 sur 15

Statistiques - réponses

Nombre de MortPays% Correct
523 369France
100%
8 666 500Allemagne
99%
510 000Italie
93%
3 365 900Japon
87%
6 540 000Pologne
87%
15 000 000Chine
80%
27 917 000URSS
75%
560 000Hongrie
54%
2 087 000Inde
45%
533 000Corée
43%
507 000Grèce
43%
1 032 000Yougoslavie
40%
557 000Philippines
18%
1 500 000Indochine
7%
3 311 500Indes orientales néerlandaises
1%

Distribution des résultats

Percentile par nombre de réponses

% des personnes avec chaque résultat

Votre développement - résultats

Vous n’avez pas pris ce quiz